| 000 | 00910cam a2200265 a 4500 | ||
|---|---|---|---|
| 999 |
_c7720 _d7720 |
||
| 001 | 7720 | ||
| 003 | BD-JhCC | ||
| 005 | 20181007083417.0 | ||
| 008 | 910226s1954 nyua 000 0 eng | ||
| 035 | _a(BD-JhCC)7720 | ||
| 035 | _a1609169 | ||
| 040 |
_aANL _cANL _dBD-JhCC |
||
| 041 | _aeng | ||
| 050 | 0 | 0 |
_aGV357 _b.D35 |
| 082 | 0 | 4 |
_a371.73 _bDAN 1954 |
| 100 | 1 | _aDaniels, Arthur Simpson. | |
| 245 | 1 | 0 |
_aAdapted physical education : _bprinciples and practices of physical education for exceptional students / |
| 260 |
_aNew York, _bHarper _c[1954] |
||
| 300 |
_a538 p. _billus. _c22 cm. |
||
| 490 | 1 | _aHarper's series in school and public health education, physical education and recreation | |
| 650 | 0 | _aPhysical education for people with disabilities. | |
| 830 | 0 | _aHarper's series in school and public health education, physical education and recreation. | |
| 942 |
_2ddc _cBK |
||